000 00379nam a2200145Ia 4500
005 20251222144917.0
008 251222s9999||||xx |||||||||||||| ||spa||
020 _a9789978625255
082 _a927.5/P26
100 _aPareja Diezcanseco, Alfredo
245 0 _aVida y leyenda de Miguel de Santiago
250 _a1ra. ed.
264 _bEditorial Pedro Jorge Vera
942 _cLIB
999 _c22565
_d22565